Normal view
MARC view
- España
Entry Nombre Geográfico
001 - NÚMERO DE CONTROL
- campo de control: 14714
003 - IDENTIFICADOR DE NUMERO DE CONTROL
- campo de control: MX-MxUPN
005 - FECHA Y HORA DE LA ÜLTIMA TRANSACCIÓN
- campo de control: 20241128112306.0
008 - DATOS DE LONGITUD FIJA
- campo de control de longitud fija: 241128n| fcnnnbabn | ana |d
035 ## - NÚMERO DE CONTROL
- Número de control: UPN10000014722
040 ## - FUENTE DE CATALOGACIÓN
- Agencia de catalogación original: MX-MxUPN
- Lenguaje de catalogación: spa
- Agencia de transcripción: MX-MxUPN
053 #4 - NÚMERO DE CLASIFICACIÓN LC
- Elemento de número de clasificación-número único o número de inicio de tramo: F1410
151 ## - ENCABEZAMIENTO - NOMBRE GEOGRÁFICO
- Nombre geográfico: España
- Subdivisión general : Colonias
- Subdivisión geográfica: América
670 ## - FUENTE EN LA QUE SE LOCALIZARON DATOS
- Cita de la fuente: E
902 ## - CATALOGADOR
- Catalogador: MEEG/220496
